| 000 | 00000cas 2200000za 4500 |
| 001 | 9.502299 |
| 003 | CaOODSP |
| 005 | 20260213152947 |
| 007 | cr ||||||||||| |
| 008 | 150406c20079999mbcar p o f0 b0fre|d |
| 022 | |a1925-217X |
| 040 | |aCaOODSP|bfre |
| 043 | |an-cn--- |
| 086 | 1 |aA120-14F-PDF |
| 222 | 0|aProgrammes d'Agri-stabilité et d'Agri-investissement en ... |
| 245 | 00|aProgrammes d'Agri-stabilité et d'Agri-investissement en … |h[ressource électronique] : |bguide et formulaire harmonisés pour les sociétés, les coopératives et les particuliers de catégorie spéciale. |
| 246 | 13|aProgrammes Agri-stabilité et d'Agri-investissement : |bguide harmonisé pour les société, les coopérative et les particulier de catégorie spéciale|f2019- |
| 260 | |a[Winnipeg : |bAgriculture et Agroalimentaire Canada] |
| 310 | |aAnnuel |
| 362 | 1 |aParaît depuis 2007. |
| 500 | |8Publ. aussi en anglais sous le titre : AgriStability and AgriInvest Program. |
| 520 | 3 |aExplique comment remplir le formulaire harmonisé ci-joint des programmes Agri-stabilité et Agri-investissement. Vous pouvez choisir de participer aux deux programmes ou à un seul, selon les besoins en matière de gestion des risques de votre exploitation agricole. |
| 530 | |aÉgalement publ. en version imprimée. |
| 692 | 07|2gccst|aProgramme fédéral |
| 692 | 07|2gccst|aAide à l'agriculture |
| 710 | 1 |aCanada. |bAgriculture et agroalimentaire Canada. |
| 775 | 08|tAgriStability and AgriInvest Program |w(CaOODSP)9.505896 |
| 776 | 0#|tProgrammes d'Agri-stabilité et d'Agri-investissement : |w(CaOODSP)9.513981 |